00619nam a2200193Ia 4500008004100000020001600041100002200057245003100079245009600110245010100206260001500307260002000322260000900342300001700351300001000368650001800378650002100396700000800417160803s9999 xx 000 0 und d a0 439256135 aYoungs, Bettie B. aTaste berries for teens :  binspirational short stories and encouragement on life, love, friendship, and tough issues / c[compiled by] Bettie B. Youngs, Jennifer Leigh Youngs ; with contributions from teens for teens. aNew York : bScholastic Inc. c1999 a144 pages ;  c21 cm aTeenagers --  xConduct of life. a970